000 00489nam a2200181Ia 4500
005 20260625114610.0
008 131103s9999 xx 000 0 und d
040 _aLoreto College
041 _aEnglish
082 _a821.08A
_bBUC
245 _aAustralian Poetry 1958
_cSelected by Vincent Buckley
260 _aSydeny
_bAngus and Robertson
_c1958
300 _a94p.
650 _aAustralian Poetry - Collections
700 _aBuckley, Vincent; com.
850 _aLCLIB
942 _cBK
999 _c20912
_d71391